| 000 | 00872nam a2200265 a 4500 | ||
|---|---|---|---|
| 001 | BRCA_696 | ||
| 005 | 20190320203118.0 | ||
| 008 | 860428s1986 nyua---##b---#001-0#eng-# | ||
| 020 | _a0500973342 | ||
| 040 |
_aDLC _cDLC _dDLC |
||
| 041 | _aengger | ||
| 050 | 4 |
_aNK6196 _b.U33 1986 |
|
| 100 | 1 |
_aUecker, Wolf _92295 |
|
| 245 | 1 | 0 |
_aArt Nouveau and Art Deco _bLamps and Candlesticks _cWolf Uecker ; photograph by Jacques Hartz. |
| 260 |
_aLondres _bThames and Hudson _c1986 |
||
| 300 |
_a280 p. _bil. (algunas a color) _c31 cm. |
||
| 500 | _aIncluye índice alfabético | ||
| 504 | _aBibliografía: p. 277 | ||
| 650 | 1 | 4 |
_aLámparas _xHistoria _ySiglos XIX y XX _92296 |
| 650 | 1 | 4 |
_aCandeleros _xHistoria _ySiglos XIX y XX _92297 |
| 650 | 1 | 4 |
_aDecoración y ornamentación _xArt Nouveau _92298 |
| 650 | 1 | 4 |
_aArt decó _91862 |
| 700 | 1 |
_aHartz, Jacques _92299 |
|
| 942 |
_2lcc _cB |
||
| 999 |
_c602 _d602 |
||